| 000 | 00489nam a2200193Ia 4500 | ||
|---|---|---|---|
| 003 | LK-CoDNM | ||
| 005 | 20240129150250.0 | ||
| 008 | 010623t1939 xxu||||| |||| 00| 1 sin d | ||
| 040 |
_aLK-CoDNM _dLK-CoDNM _eLK-CoDNM |
||
| 041 | _asin | ||
| 080 |
_a104 _bN 21 |
||
| 100 | _aJayathilaka,J.P | ||
| 245 | _aනාඩිඥාන තරංගිණී | ||
| 246 | _aNadijana Tarangini | ||
| 260 |
_bSitumina _aKandy _c1939 |
||
| 300 | _b24p., 20 cm | ||
| 700 | _aRaghunatha | ||
| 942 | _cBK | ||
| 999 |
_c99357 _d99357 |
||